Pasa el lobo (Record no. 124675)

MARC details
000 -LEADER
campo de control de longitud fija 00895nam a2200253 i 4500
001 - NÚMERO DE CONTROL
campo de control 124675
003 - IDENTIFICADOR DE NÚMERO DE CONTROL
campo de control ES-MaACL
005 - FECHA Y HORA DE LA ÚLTIMA TRANSACCIÓN
campo de control 20230906192454.0
007 - CAMPO FIJO DE DESCRIPCIÓN FÍSICA--INFORMACIÓN GENERAL
campo de control de longitud fija t|
008 - DATOS DE LONGITUD FIJA--INFORMACIÓN GENERAL
campo de control de longitud fija 070417s1924 sp ||||1| spa d
080 ## - NÚMERO DE LA CLASIFICACIÓN DECIMAL UNIVERSAL
Número de la Clasificación Decimal Universal 850-23"18"
100 1# - ENTRADA PRINCIPAL--NOMBRE DE PERSONA
Nombre de persona Capuana, Luis.
9 (RLIN) 34913
245 10 - MENCIÓN DEL TÍTULO
Título Pasa el lobo
Resto del título : drama de costumbres sicilianas en tres actos /
Mención de responsabilidad, etc. original de Luis Capuana ; versión castellana de Luís Gabaldón y Enrique F. Gutiérrez-Roig.
260 ## - PUBLICACIÓN, DISTRIBUCIÓN, ETC.
Lugar de publicación, distribución, etc. [Madrid :
Nombre del editor, distribuidor, etc. La Novela Teatral,
Fecha de publicación, distribución, etc. 1924]
300 ## - DESCRIPCIÓN FÍSICA
Extensión 12 h. ;
Dimensiones 20 cm.
490 1# - MENCIÓN DE SERIE
Mención de serie la novela teatral ;
Designación de volumen o secuencia 381
500 ## - NOTA GENERAL
Nota general En la cub. caricatura de Carmen Sanz por Tovar.
700 1# - ENTRADA AGREGADA--NOMBRE PERSONAL
Nombre de persona Gabaldón, Luis.
9 (RLIN) 53114
700 1# - ENTRADA AGREGADA--NOMBRE PERSONAL
Nombre de persona Gutiérrez-Roig, Enrique F.
9 (RLIN) 61218
700 0# - ENTRADA AGREGADA--NOMBRE PERSONAL
Nombre de persona Tovar
Títulos y otros términos asociados al nombre , ilustrador.
9 (RLIN) 157378
830 0# - PUNTO DE ACCESO ADICIONAL DE SERIE-TÍTULO UNIFORME
Título uniforme la novela teatral ;
Designación de volumen o secuencia 381
9 (RLIN) 122427
852 ## - LOCALIZACIÓN
Ubicación ES-MaACL
Número de control de estantería 2216-F-35
Sublocalización o colección R.138809
Holdings
Estatus retirado Estado de pérdida Estado de daño No para préstamo Colección Biblioteca de origen Biblioteca actual Ubicación en estantería Fecha de adquisición Fuente de adquisición Total de préstamos Signatura topográfica completa Código de barras Visto por última vez Precio de reemplazo Tipo de ítem Koha
        Colección de folletos Biblioteca del Ateneo de Madrid Biblioteca del Ateneo de Madrid Depósito folletos 17/01/2008     2216-F-35 1129905 23/02/2023 23/02/2023 Folleto